Statistiche per Paesi dell'Oceania con mappa

Clicka qui per fare il quiz!

Statistiche generali

  • Questo quiz è stato fatto 303 volte
  • Il punteggio medio è 11 su 14

Risposte nella Mappa

Le risposte nella mappa del quiz sottostante sono codificate secondo una scala di colori dal rosso al verde in base alla % di persone che hanno risposto correttamente.
 

Statistiche sulle risposte

Country% Corretto
Australia
100%
Nuova Zelanda
97%
Papua Nuova Guinea
83%
Isole Marshall
79%
Isole Salomone
78%
Micronesia
78%
Palau
78%
Figi
76%
Kiribati
74%
Samoa
71%
Vanuatu
71%
Tonga
68%
Tuvalu
68%
Nauru
67%

Distribuzione punteggi

Percentile per numero di risposta

Percentuale di utenti per punteggio

I tuoi punteggi nel tempo

Non hai fatto questo quiz